KOHA-Header-6

The Intel Microprocessors (Record no. 2155)

000 -LEADER
fixed length control field 00255nam a2200109Ia 4500
008 - FIXED-LENGTH DATA ELEMENTS--GENERAL INFORMATION
fixed length control field 190802s9999 xx 000 0 und d
100 ## - MAIN ENTRY--PERSONAL NAME
Personal name Barry B.Brey
245 #4 - TITLE STATEMENT
Title The Intel Microprocessors
260 ## - PUBLICATION, DISTRIBUTION, ETC. (IMPRINT)
Place of publication, distribution, etc India
Name of publisher, distributor, etc CRC
Date of publication, distribution, etc 2016
300 ## - PHYSICAL DESCRIPTION
Extent 926:p
942 ## - ADDED ENTRY ELEMENTS (KOHA)
Koha item type Books
Holdings
Withdrawn status Lost status Damaged status Not for loan Collection code Permanent Location Current Location Shelving location Date acquired Total Checkouts Full call number Barcode Date last seen Date checked out Price effective from Koha item type
        Computer Science MAJU MAJU   2019-08-03 1 4.165 8778 2019-11-18 2019-11-07 2019-08-03 Computer Science

Powered by Koha